Gaming Quiz

Random Gaming or Pokémon Quiz

Pokemon of the Six Regions Quiz Stats

 Plays Quiz not verified by Sporcle

Challenge
Share
Tweet
Embed
Score 0/78 Timer 10:00
0 Plays Today
The pokemon that is the... Answer % Correct
Grass starterBulbasaur
98.7%
Fire starterCharmander
96.7%
Water starterSquirtle
96%
Common birdPidgey
96%
Normal rodentRattata
95.3%
Legendary trioArticuno
92%
Legendary trioZapdos
91.3%
Grass starterChikorita
90.7%
Legendary trioMoltres
90.7%
Fossil pokemon duoKabuto
90%
Fossil pokemon duoOmanyte
89.3%
CatMeowth
88.7%
Fire starterCyndaquil
87.3%
Water starterTotodile
86.7%
Original and keeps getting clonedPikachu
84%
Legendary trioEntei
82.7%
Common birdHoothoot
82%
DogGrowlithe
82%
Legendary trioRaikou
82%
Fire starterTorchic
81.3%
Water starterMudkip
81.3%
Legendary trioSuicune
80.7%
Grass starterTreecko
80%
Normal rodentSentret
79.3%
Egg (eggs are like cats, right?)Togepi
78%
Grass starterTurtwig
77.3%
Fire starterChimchar
76.7%
Water starterPiplup
76%
Fire starterTepig
76%
Grass starterSnivy
74.7%
Water starterOshawott
74%
Common birdTaillow
72.7%
Common birdStarly
72.7%
Grass starterChespin
72%
Fire starterFennekin
72%
Water starterFroakie
71.3%
Pikachu clonePlusle
71.3%
Legendary trioRegice
71.3%
Normal rodentZigzagoon
70.7%
The pokemon that is the... Answer % Correct
Legendary trioRegisteel
70.7%
Legendary trioRegirock
70.7%
Common birdPidove
69.3%
Fossil pokemon duoLileep
69.3%
Fossil pokemon duoAnorith
68.7%
Legendary trioAzelf
68.7%
Legendary trioUxie
68.7%
Pikachu clonePachirisu
67.3%
Normal rodentBidoof
66.7%
Legendary trioMesprit
66.7%
CatGlameow
66%
DogHoundour
65.3%
Legendary trioVirizion
64%
Normal rodentPatrat
62.7%
Common birdFletchling
62.7%
Fossil pokemon duoShieldon
62.7%
Legendary trioTerrakion
62.7%
Pikachu cloneDedenne
62%
Fossil pokemon duoCranidos
62%
Fossil pokemon duoArchen
62%
Legendary trioCobalion
62%
Legendary trioYveltal
60.7%
Legendary trioZygarde
60.7%
CatPurrloin
60%
Legendary trioXerneas
60%
CatSkitty
59.3%
Pikachu cloneEmolga
59.3%
Fossil pokemon duoTirtouga
58.7%
DogPoochyena
58%
Fossil pokemon duoTyrunt
56.7%
Fossil pokemon duoAmaura
56.7%
DogLillipup
54.7%
Normal rodentBunnelby
50.7%
CatEspurr
50.7%
DogFurfrou
38%
Dog (canine based design)Riolu
26%
Ancient pokemon*Swinub
22.7%
Ancient pokemon*Yanma
17.3%
Pikachu CloneMarrill
13.3%

You're not logged in!

Compare scores with friends on all Sporcle quizzes.
Join for Free
OR
Log In

You Might Also Like...

Show Comments

Extras

Top Quizzes Today


Score Distribution

Your Account Isn't Verified!

In order to create a playlist on Sporcle, you need to verify the email address you used during registration. Go to your Sporcle Settings to finish the process.

Report this User

Report this user for behavior that violates our Community Guidelines.

Details: